[Event "Deutsche Ländermeisterschaft 2021"]
[Site "Neumünster GER"]
[Date "2021.10.02"]
[Round "2"]
[White "Haug, Mara"]
[Black "Oellrich, Emma"]
[Result "0-1"]
[Termination "normal"]
[Board "2.8"]
[WhiteElo "1326"]
[BlackElo "1487"]
[WhiteClock "00:25:53"]
[BlackClock "00:47:56"]
[WhiteTeam "Baden"]
[BlackTeam "Niedersachsen"]
[PlyCount "109"]
[WhiteFideId "16259300"]
[BlackFideId "16268806"]
[EventCountry "GER"]
[EventRounds "7"]
[EventType "team-swiss"]
[EventDate "2021.10.01"]

1. e4 {[%clk 1:30:52]} e6 {[%clk 1:30:55]} 2. d4 {[%clk 1:31:09]} d5 {[%clk
1:31:20]} 3. e5 {[%clk 1:31:34]} c5 {[%clk 1:31:44]} 4. Qg4 {[%clk 1:31:52]}
cxd4 {[%clk 1:31:59]} 5. Nf3 {[%clk 1:32:10]} Nc6 {[%clk 1:32:15]} 6. Bd3
{[%clk 1:32:28]} h5 {[%clk 1:32:10]} 7. Qf4 {[%clk 1:32:33]} f6 {[%clk
1:32:06]} 8. Bg6+ {[%clk 1:32:25]} Kd7 {[%clk 1:32:11]} 9. Nxd4 {[%clk
1:21:21]} Nxe5 {[%clk 1:30:02]} 10. Bd3 {[%clk 1:17:08]} Nxd3+ {[%clk 1:30:06]}
11. cxd3 {[%clk 1:17:17]} e5 {[%clk 1:19:10]} 12. Qf5+ {[%clk 1:14:01]} Ke7
{[%clk 1:19:36]} 13. Qg6 {[%clk 1:12:34]} exd4 {[%clk 1:18:19]} 14. O-O {[%clk
1:10:28]} Be6 {[%clk 1:18:26]} 15. f4 {[%clk 1:08:59]} Qe8 {[%clk 1:12:38]} 16.
Qg3 {[%clk 1:07:12]} Nh6 {[%clk 1:12:45]} 17. Qe1 {[%clk 1:06:03]} Kf7 {[%clk
1:11:57]} 18. Nd2 {[%clk 0:57:52]} Bb4 {[%clk 1:10:44]} 19. a3 {[%clk 0:55:12]}
Bxd2 {[%clk 1:09:36]} 20. Qxd2 {[%clk 0:55:06]} Nf5 {[%clk 1:09:22]} 21. Qb4
{[%clk 0:52:49]} Qe7 {[%clk 1:07:43]} 22. Qb5 {[%clk 0:51:59]} Rac8 {[%clk
1:06:23]} 23. Bd2 {[%clk 0:50:37]} Rc2 {[%clk 1:06:26]} 24. Rf2 {[%clk
0:49:15]} Rhc8 {[%clk 1:04:34]} 25. Qb3 {[%clk 0:45:26]} Qc7 {[%clk 1:02:37]}
26. Rb1 {[%clk 0:40:38]} Ne3 {[%clk 1:02:00]} 27. h3 {[%clk 0:36:49]} Qc6
{[%clk 0:47:34]} 28. Re1 {[%clk 0:32:36]} b6 {[%clk 0:47:31]} 29. Rfe2 {[%clk
0:32:03]} Bf5 {[%clk 0:46:00]} 30. Bxe3 {[%clk 0:29:13]} Rxe2 {[%clk 0:45:12]}
31. Rxe2 {[%clk 0:28:51]} dxe3 {[%clk 0:45:34]} 32. d4 {[%clk 0:26:20]} Re8
{[%clk 0:44:31]} 33. Kh2 {[%clk 0:23:20]} Qc4 {[%clk 0:42:21]} 34. Qxc4 {[%clk
0:21:26]} dxc4 {[%clk 0:41:48]} 35. Kg3 {[%clk 0:21:10]} Bd3 {[%clk 0:42:12]}
36. Re1 {[%clk 0:21:31]} e2 {[%clk 0:42:38]} 37. Kf2 {[%clk 0:21:33]} Re4
{[%clk 0:43:00]} 38. d5 {[%clk 0:21:02]} Rxf4+ {[%clk 0:43:25]} 39. Ke3 {[%clk
0:20:59]} Rf1 {[%clk 0:43:34]} 40. Kd2 {[%clk 0:21:15]} Rxe1 {[%clk 0:43:49]}
41. Kxe1 {[%clk 0:21:14]} Ke7 {[%clk 0:44:12]} 42. Kd2 {[%clk 0:21:19]} Kd6
{[%clk 0:44:38]} 43. Ke1 {[%clk 0:21:39]} Kxd5 {[%clk 0:45:03]} 44. Kf2 {[%clk
0:22:01]} Kd4 {[%clk 0:45:08]} 45. Ke1 {[%clk 0:22:23]} c3 {[%clk 0:45:25]} 46.
bxc3+ {[%clk 0:22:48]} Kxc3 {[%clk 0:45:51]} 47. h4 {[%clk 0:23:11]} Kb3 {[%clk
0:45:59]} 48. a4 {[%clk 0:23:35]} Kxa4 {[%clk 0:46:19]} 49. g3 {[%clk 0:24:03]}
Kb3 {[%clk 0:46:37]} 50. g4 {[%clk 0:24:25]} hxg4 {[%clk 0:47:01]} 51. h5
{[%clk 0:24:47]} g3 {[%clk 0:47:10]} 52. h6 {[%clk 0:25:12]} gxh6 {[%clk
0:47:31]} 53. Kd2 {[%clk 0:25:33]} g2 {[%clk 0:47:48]} 54. Kxd3 {[%clk
0:25:53]} e1=Q {[%clk 0:47:56]} 55. Kd4 0-1

[Event "Deutsche Ländermeisterschaft 2021"]
[Site "Neumünster GER"]
[Date "2021.10.02"]
[Round "2"]
[White "Lesny, Florian"]
[Black "Richter, Philipp"]
[Result "0-1"]
[Termination "normal"]
[Board "3.2"]
[WhiteElo "2171"]
[BlackElo "2227"]
[WhiteClock "00:15:27"]
[BlackClock "00:24:12"]
[WhiteTeam "Hessen"]
[BlackTeam "Sachsen"]
[PlyCount "108"]
[WhiteFideId "12973874"]
[BlackFideId "16219929"]
[EventCountry "GER"]
[EventRounds "7"]
[EventType "team-swiss"]
[EventDate "2021.10.01"]

1. e4 {[%clk 1:30:57]} e6 {[%clk 1:30:56]} 2. d4 {[%clk 1:31:17]} d5 {[%clk
1:31:21]} 3. e5 {[%clk 1:31:35]} c5 {[%clk 1:31:47]} 4. c3 {[%clk 1:31:54]} Nc6
{[%clk 1:32:09]} 5. Nf3 {[%clk 1:32:13]} Bd7 {[%clk 1:32:35]} 6. Be2 {[%clk
1:32:30]} Nge7 {[%clk 1:32:58]} 7. Na3 {[%clk 1:32:10]} cxd4 8. cxd4 {[%clk
1:32:31]} Nf5 {[%clk 1:33:03]} 9. Nc2 {[%clk 1:32:48]} Qb6 {[%clk 1:33:25]} 10.
O-O {[%clk 1:33:00]} Na5 11. Re1 {[%clk 1:30:52]} Bb5 {[%clk 1:33:22]} 12.
Bxb5+ {[%clk 1:29:53]} Qxb5 {[%clk 1:33:30]} 13. Ne3 {[%clk 1:29:38]} Nxe3
{[%clk 1:27:38]} 14. Rxe3 {[%clk 1:29:57]} Be7 {[%clk 1:16:42]} 15. Ne1 {[%clk
1:24:19]} Rc8 {[%clk 1:04:09]} 16. b3 {[%clk 1:11:20]} Qb6 {[%clk 0:54:46]} 17.
Rg3 {[%clk 1:03:51]} g6 {[%clk 0:54:26]} 18. Bh6 {[%clk 1:01:17]} f5 {[%clk
0:52:22]} 19. Bg5 {[%clk 0:45:16]} Bxg5 {[%clk 0:50:32]} 20. Rxg5 {[%clk
0:45:34]} Kf7 {[%clk 0:46:56]} 21. Rg3 {[%clk 0:39:12]} Nc6 {[%clk 0:37:39]}
22. Rd3 {[%clk 0:35:11]} Ke7 {[%clk 0:36:10]} 23. h4 {[%clk 0:33:37]} Kd7
{[%clk 0:35:46]} 24. Nf3 {[%clk 0:30:45]} h6 {[%clk 0:34:55]} 25. a3 {[%clk
0:27:34]} f4 {[%clk 0:32:28]} 26. Nh2 {[%clk 0:24:04]} g5 {[%clk 0:29:47]} 27.
h5 {[%clk 0:19:40]} Ne7 {[%clk 0:28:02]} 28. Ng4 {[%clk 0:19:30]} Nf5 {[%clk
0:28:19]} 29. Nf6+ {[%clk 0:18:25]} Ke7 {[%clk 0:28:15]} 30. Rc1 {[%clk
0:10:08]} Rc6 {[%clk 0:27:28]} 31. Rxc6 {[%clk 0:07:24]} Qxc6 {[%clk 0:27:43]}
32. Qd2 {[%clk 0:06:15]} Rc8 {[%clk 0:27:56]} 33. Qb4+ {[%clk 0:05:22]} Kf7
{[%clk 0:28:15]} 34. Kh2 {[%clk 0:03:55]} b6 {[%clk 0:27:13]} 35. Qd2 {[%clk
0:02:11]} a5 {[%clk 0:25:15]} 36. a4 {[%clk 0:01:58]} Qc2 {[%clk 0:24:57]} 37.
Qxc2 {[%clk 0:01:32]} Rxc2 {[%clk 0:25:15]} 38. Kg1 {[%clk 0:01:41]} Ke7 {[%clk
0:20:05]} 39. Ng8+ {[%clk 0:00:43]} Kd7 {[%clk 0:13:40]} 40. Nf6+ {[%clk
0:00:56]} Kc6 {[%clk 0:11:49]} 41. g4 {[%clk 0:28:52]} Ne7 {[%clk 0:40:05]} 42.
Ne8 {[%clk 0:27:30]} b5 {[%clk 0:37:39]} 43. axb5+ {[%clk 0:26:19]} Kxb5 {[%clk
0:38:00]} 44. Nd6+ {[%clk 0:22:38]} Kb4 {[%clk 0:37:50]} 45. Nb7 {[%clk
0:18:39]} Nc6 {[%clk 0:35:22]} 46. Rd1 {[%clk 0:17:33]} Kxb3 {[%clk 0:29:08]}
47. Ra1 {[%clk 0:16:06]} a4 {[%clk 0:28:32]} 48. Nc5+ {[%clk 0:16:11]} Rxc5
{[%clk 0:28:48]} 49. dxc5 {[%clk 0:16:13]} a3 {[%clk 0:29:14]} 50. Rb1+ {[%clk
0:16:10]} Kc3 {[%clk 0:29:33]} 51. Rb6 {[%clk 0:15:31]} a2 {[%clk 0:23:11]} 52.
Ra6 {[%clk 0:15:38]} Kb2 {[%clk 0:23:28]} 53. Rb6+ {[%clk 0:15:28]} Nb4 {[%clk
0:23:49]} 54. Rxb4+ {[%clk 0:15:27]} Ka3 {[%clk 0:24:12]} 0-1

[Event "Deutsche Ländermeisterschaft 2021"]
[Site "Neumünster GER"]
[Date "2021.10.02"]
[Round "2"]
[White "Lutz, Ruben"]
[Black "Laux, Dominik"]
[Result "1/2-1/2"]
[Termination "normal"]
[Board "3.3"]
[WhiteElo "2114"]
[BlackElo "2162"]
[WhiteClock "00:07:09"]
[BlackClock "00:05:39"]
[WhiteTeam "Sachsen"]
[BlackTeam "Hessen"]
[PlyCount "62"]
[WhiteFideId "12975974"]
[BlackFideId "12994219"]
[EventCountry "GER"]
[EventRounds "7"]
[EventType "team-swiss"]
[EventDate "2021.10.01"]

1. d4 {[%clk 1:30:56]} d5 {[%clk 1:30:38]} 2. c4 {[%clk 1:31:18]} e6 {[%clk
1:30:24]} 3. Nc3 {[%clk 1:31:26]} c6 {[%clk 1:30:46]} 4. Nf3 {[%clk 1:30:16]}
dxc4 5. a4 {[%clk 1:28:11]} Bb4 {[%clk 1:28:19]} 6. e3 {[%clk 1:23:50]} b5
{[%clk 1:25:54]} 7. Be2 {[%clk 1:22:17]} Bb7 {[%clk 1:21:53]} 8. O-O {[%clk
1:21:59]} a6 {[%clk 1:17:28]} 9. e4 {[%clk 1:16:02]} Ne7 {[%clk 1:10:42]} 10.
Qc2 {[%clk 1:07:38]} O-O {[%clk 1:08:07]} 11. Rd1 {[%clk 1:06:10]} Qc7 {[%clk
1:04:42]} 12. Be3 {[%clk 0:58:28]} Nd7 {[%clk 0:59:32]} 13. b3 {[%clk 0:49:10]}
cxb3 {[%clk 0:34:06]} 14. Qxb3 {[%clk 0:49:35]} Bxc3 {[%clk 0:32:35]} 15. Qxc3
{[%clk 0:50:00]} Rac8 {[%clk 0:32:13]} 16. Rac1 {[%clk 0:47:52]} bxa4 {[%clk
0:20:52]} 17. Qb4 {[%clk 0:41:35]} c5 {[%clk 0:16:34]} 18. dxc5 {[%clk
0:37:51]} Nf6 {[%clk 0:15:35]} 19. Nd2 {[%clk 0:32:45]} Bc6 {[%clk 0:13:35]}
20. f3 {[%clk 0:24:50]} Rb8 {[%clk 0:13:13]} 21. Qc3 {[%clk 0:23:36]} Bb5
{[%clk 0:12:38]} 22. Bc4 {[%clk 0:22:33]} Ng6 {[%clk 0:08:35]} 23. Nf1 {[%clk
0:18:06]} Rfc8 {[%clk 0:08:06]} 24. Rd2 {[%clk 0:14:23]} h5 {[%clk 0:06:10]}
25. Rcd1 {[%clk 0:13:44]} h4 {[%clk 0:05:59]} 26. h3 {[%clk 0:09:35]} Rb7
{[%clk 0:04:38]} 27. Rd6 {[%clk 0:08:29]} Ne8 {[%clk 0:04:39]} 28. R6d2 {[%clk
0:08:32]} Nf6 {[%clk 0:05:08]} 29. Kh1 {[%clk 0:06:59]} Kh7 {[%clk 0:05:17]}
30. Rd6 {[%clk 0:06:46]} Ne8 {[%clk 0:05:14]} 31. R6d2 {[%clk 0:07:09]} Nf6
{[%clk 0:05:39]} 1/2-1/2

[Event "Deutsche Ländermeisterschaft 2021"]
[Site "Neumünster GER"]
[Date "2021.10.02"]
[Round "2"]
[White "Bakiev, Diyor"]
[Black "Ehrig, Leon Chris"]
[Result "1-0"]
[Termination "normal"]
[Board "3.4"]
[WhiteElo "2096"]
[BlackElo "1796"]
[WhiteClock "00:13:26"]
[BlackClock "00:23:38"]
[WhiteTeam "Hessen"]
[BlackTeam "Sachsen"]
[PlyCount "55"]
[WhiteFideId "16241584"]
[BlackFideId "16244796"]
[EventCountry "GER"]
[EventRounds "7"]
[EventType "team-swiss"]
[EventDate "2021.10.01"]

1. e4 c5 {[%clk 1:30:52]} 2. Nf3 {[%clk 1:31:12]} e6 {[%clk 1:31:13]} 3. c3
{[%clk 1:31:38]} d5 {[%clk 1:31:38]} 4. e5 {[%clk 1:32:01]} Nc6 {[%clk
1:29:11]} 5. d4 Qb6 {[%clk 1:27:25]} 6. a3 {[%clk 1:32:25]} Bd7 {[%clk
1:24:50]} 7. b4 {[%clk 1:31:46]} cxd4 {[%clk 1:23:19]} 8. cxd4 {[%clk 1:32:08]}
Nge7 {[%clk 1:20:12]} 9. Nc3 {[%clk 1:28:50]} Nf5 {[%clk 1:16:03]} 10. Na4
{[%clk 1:27:39]} Qc7 {[%clk 1:15:17]} 11. Bb2 {[%clk 1:24:39]} Be7 {[%clk
1:06:06]} 12. Rc1 {[%clk 1:20:10]} a6 {[%clk 1:05:19]} 13. Bd3 {[%clk 1:19:25]}
O-O {[%clk 1:01:26]} 14. O-O {[%clk 1:18:44]} f6 {[%clk 0:59:11]} 15. Bxf5
{[%clk 0:55:31]} exf5 {[%clk 0:59:31]} 16. Re1 {[%clk 0:54:42]} fxe5 {[%clk
0:54:57]} 17. dxe5 {[%clk 0:51:43]} Be6 {[%clk 0:50:49]} 18. Nd4 {[%clk
0:49:26]} Bf7 {[%clk 0:48:20]} 19. Nxf5 {[%clk 0:43:44]} Bg5 {[%clk 0:46:59]}
20. Rc3 {[%clk 0:32:39]} d4 {[%clk 0:39:27]} 21. Rg3 {[%clk 0:29:38]} Bg6
{[%clk 0:38:15]} 22. Nxd4 {[%clk 0:21:54]} Nxd4 {[%clk 0:37:14]} 23. Bxd4
{[%clk 0:21:05]} Bc2 {[%clk 0:32:14]} 24. Qe2 {[%clk 0:16:55]} Bxa4 {[%clk
0:28:16]} 25. Rxg5 {[%clk 0:16:49]} Rf4 {[%clk 0:27:03]} 26. Qe3 {[%clk
0:13:58]} Raf8 {[%clk 0:25:13]} 27. e6 {[%clk 0:13:05]} Rxd4 {[%clk 0:23:38]}
28. Qxd4 {[%clk 0:13:26]} 1-0

[Event "Deutsche Ländermeisterschaft 2021"]
[Site "Neumünster GER"]
[Date "2021.10.02"]
[Round "2"]
[White "Peglau, Dora"]
[Black "Reinecke, Katharina"]
[Result "1-0"]
[Termination "normal"]
[Board "3.5"]
[WhiteElo "1880"]
[BlackElo "1945"]
[WhiteClock "00:03:45"]
[BlackClock "00:01:07"]
[WhiteTeam "Sachsen"]
[BlackTeam "Hessen"]
[PlyCount "117"]
[WhiteFideId "16220005"]
[BlackFideId "12929727"]
[EventCountry "GER"]
[EventRounds "7"]
[EventType "team-swiss"]
[EventDate "2021.10.01"]

1. c4 {[%clk 1:30:58]} c6 {[%clk 1:30:46]} 2. d4 {[%clk 1:31:07]} d5 {[%clk
1:31:11]} 3. Nc3 {[%clk 1:31:20]} e6 {[%clk 1:31:32]} 4. Nf3 {[%clk 1:31:25]}
dxc4 {[%clk 1:30:55]} 5. e3 {[%clk 1:31:31]} b5 6. a4 {[%clk 1:30:38]} Bb4
{[%clk 1:28:45]} 7. Bd2 {[%clk 1:28:34]} a5 {[%clk 1:27:56]} 8. axb5 {[%clk
1:22:50]} Bxc3 {[%clk 1:27:47]} 9. Bxc3 {[%clk 1:22:57]} cxb5 {[%clk 1:27:27]}
10. b3 {[%clk 1:19:46]} Bb7 {[%clk 1:26:46]} 11. bxc4 {[%clk 1:14:14]} b4
{[%clk 1:26:34]} 12. Bd2 {[%clk 1:13:02]} Nf6 {[%clk 1:18:53]} 13. Be2 {[%clk
1:10:50]} O-O {[%clk 1:17:07]} 14. O-O {[%clk 1:11:12]} Nbd7 {[%clk 1:11:56]}
15. Qb3 {[%clk 0:59:23]} Ne4 {[%clk 1:05:54]} 16. Qb2 {[%clk 0:57:24]} Qc7
{[%clk 0:55:31]} 17. Rfc1 {[%clk 0:54:58]} Ndf6 {[%clk 0:52:17]} 18. Ne5 {[%clk
0:50:26]} Nxd2 {[%clk 0:39:01]} 19. Qxd2 {[%clk 0:50:48]} Ne4 {[%clk 0:38:30]}
20. Qc2 {[%clk 0:48:38]} Nc3 {[%clk 0:34:20]} 21. c5 {[%clk 0:44:59]} Bd5
{[%clk 0:24:47]} 22. Bf3 {[%clk 0:38:54]} Bxf3 {[%clk 0:17:55]} 23. Nxf3 {[%clk
0:39:12]} Rfb8 {[%clk 0:14:04]} 24. Re1 {[%clk 0:35:36]} a4 {[%clk 0:08:35]}
25. Nd2 {[%clk 0:33:27]} Qc6 {[%clk 0:05:52]} 26. Nc4 {[%clk 0:30:53]} Ne4
{[%clk 0:03:30]} 27. Ne5 {[%clk 0:30:25]} Qd5 {[%clk 0:00:46]} 28. Rxa4 {[%clk
0:27:42]} b3 {[%clk 0:01:01]} 29. Rxa8 {[%clk 0:27:48]} Rxa8 {[%clk 0:01:21]}
30. Qd3 {[%clk 0:17:48]} b2 {[%clk 0:00:49]} 31. Qb5 {[%clk 0:16:16]} Qa2
{[%clk 0:00:39]} 32. Nd3 {[%clk 0:14:47]} Qa1 {[%clk 0:00:36]} 33. Qxb2 {[%clk
0:14:25]} Qa6 {[%clk 0:00:35]} 34. Rb1 {[%clk 0:13:58]} g6 {[%clk 0:00:55]} 35.
Qc2 {[%clk 0:11:37]} f5 {[%clk 0:00:37]} 36. f3 {[%clk 0:09:14]} Nf6 {[%clk
0:00:45]} 37. Rb6 {[%clk 0:06:00]} Qa1+ {[%clk 0:00:53]} 38. Qb1 {[%clk
0:06:00]} Qc3 {[%clk 0:00:49]} 39. Rb8+ {[%clk 0:03:32]} Rxb8 {[%clk 0:00:44]}
40. Qxb8+ {[%clk 0:03:58]} Kg7 {[%clk 0:00:59]} 41. Qb7+ {[%clk 0:01:37]} Kh6
{[%clk 0:28:30]} 42. Qb5 {[%clk 0:30:29]} Qd2 {[%clk 0:23:44]} 43. Qc4 {[%clk
0:20:52]} Qxe3+ {[%clk 0:23:20]} 44. Kf1 {[%clk 0:21:03]} Nd5 {[%clk 0:20:00]}
45. Qc1 {[%clk 0:19:07]} Qxc1+ {[%clk 0:14:56]} 46. Nxc1 {[%clk 0:19:36]} Kg7
{[%clk 0:14:41]} 47. Nd3 {[%clk 0:17:53]} Kf6 {[%clk 0:13:40]} 48. Ke2 {[%clk
0:14:46]} g5 {[%clk 0:10:07]} 49. g3 {[%clk 0:12:20]} h5 {[%clk 0:08:01]} 50.
Ne5 {[%clk 0:11:09]} f4 {[%clk 0:05:16]} 51. gxf4 {[%clk 0:09:13]} Nxf4+ {[%clk
0:03:36]} 52. Kd2 {[%clk 0:09:34]} Nd5 {[%clk 0:03:04]} 53. Kd3 {[%clk
0:09:51]} Kf5 {[%clk 0:01:41]} 54. c6 {[%clk 0:06:39]} Kf6 {[%clk 0:01:02]} 55.
Kc4 {[%clk 0:06:36]} Ke7 {[%clk 0:01:14]} 56. Kb5 {[%clk 0:06:02]} Kd6 {[%clk
0:01:16]} 57. Nf7+ {[%clk 0:05:51]} Kc7 {[%clk 0:00:58]} 58. Nxg5 {[%clk
0:05:46]} Kd6 {[%clk 0:01:07]} 59. h4 {[%clk 0:03:45]} 1-0

[Event "Deutsche Ländermeisterschaft 2021"]
[Site "Neumünster GER"]
[Date "2021.10.02"]
[Round "2"]
[White "Buchholz, Maja"]
[Black "Peglau, Charis"]
[Result "1-0"]
[Termination "normal"]
[Board "3.6"]
[WhiteElo "1748"]
[BlackElo "1820"]
[WhiteClock "00:47:56"]
[BlackClock "00:11:55"]
[WhiteTeam "Hessen"]
[BlackTeam "Sachsen"]
[PlyCount "119"]
[WhiteFideId "16200500"]
[BlackFideId "16219996"]
[EventCountry "GER"]
[EventRounds "7"]
[EventType "team-swiss"]
[EventDate "2021.10.01"]

1. d4 {[%clk 0:45:53]} Nf6 {[%clk 0:16:00]} 2. Bf4 {[%clk 0:45:53]} g6 {[%clk
0:16:00]} 3. Nf3 {[%clk 0:45:53]} Bg7 {[%clk 0:16:00]} 4. Nbd2 {[%clk 0:45:53]}
d6 {[%clk 0:16:00]} 5. e4 {[%clk 0:45:53]} c5 {[%clk 0:16:00]} 6. c3 {[%clk
0:45:53]} O-O {[%clk 0:16:00]} 7. Bd3 {[%clk 0:45:53]} cxd4 {[%clk 0:16:00]} 8.
cxd4 {[%clk 0:45:53]} Nc6 {[%clk 0:16:00]} 9. Qb3 {[%clk 0:45:53]} Nh5 {[%clk
0:16:00]} 10. Be3 {[%clk 0:45:53]} e5 {[%clk 0:16:00]} 11. dxe5 {[%clk
0:45:53]} dxe5 {[%clk 0:16:00]} 12. O-O {[%clk 0:45:53]} b6 {[%clk 0:16:00]}
13. Rfd1 {[%clk 0:45:53]} Be6 {[%clk 0:16:00]} 14. Qa3 {[%clk 0:45:53]} Rc8
{[%clk 0:16:00]} 15. Bc4 {[%clk 0:45:53]} Bg4 {[%clk 0:16:00]} 16. h3 {[%clk
0:45:53]} Bxf3 {[%clk 0:16:00]} 17. Nxf3 {[%clk 0:45:53]} Nd4 {[%clk 0:16:00]}
18. Nxd4 {[%clk 0:45:53]} exd4 {[%clk 0:16:00]} 19. Be2 {[%clk 0:45:53]} Rc5
{[%clk 0:16:00]} 20. Qxa7 {[%clk 0:45:53]} Re8 {[%clk 0:16:00]} 21. Qa4 {[%clk
0:45:53]} Rxe4 {[%clk 0:16:00]} 22. Bf3 {[%clk 0:45:53]} Re8 {[%clk 0:16:00]}
23. Bxd4 {[%clk 0:45:53]} Bxd4 {[%clk 0:16:00]} 24. Rxd4 {[%clk 0:45:53]} Qc8
{[%clk 0:16:00]} 25. Rad1 {[%clk 0:45:53]} Ng7 {[%clk 0:16:00]} 26. Qb3 {[%clk
0:45:53]} b5 {[%clk 0:16:00]} 27. Rd7 {[%clk 0:45:53]} Rf8 {[%clk 0:16:00]} 28.
Rb7 {[%clk 0:45:53]} Qf5 {[%clk 0:16:00]} 29. Bd5 {[%clk 0:45:53]} Ne6 {[%clk
0:16:00]} 30. Rxb5 {[%clk 0:45:53]} Rxb5 {[%clk 0:16:00]} 31. Qxb5 {[%clk
0:45:53]} Nc7 {[%clk 0:16:00]} 32. Qd3 {[%clk 0:45:53]} Qf6 {[%clk 0:16:00]}
33. Qd4 {[%clk 0:45:53]} Nxd5 {[%clk 0:16:00]} 34. Qxd5 {[%clk 0:45:53]} Qxb2
{[%clk 0:16:00]} 35. a4 {[%clk 0:45:53]} Re8 {[%clk 0:16:00]} 36. Qb5 {[%clk
0:45:53]} Qxb5 {[%clk 0:16:00]} 37. axb5 {[%clk 0:45:53]} Rb8 {[%clk 0:16:00]}
38. Rb1 {[%clk 0:45:53]} Kf8 {[%clk 0:16:00]} 39. Kf1 {[%clk 0:45:53]} Ke7
{[%clk 0:16:00]} 40. Ke2 {[%clk 0:45:53]} Kd6 {[%clk 0:16:00]} 41. Ke3 {[%clk
0:45:53]} Kd5 {[%clk 0:16:00]} 42. Kf4 {[%clk 0:45:53]} f6 {[%clk 0:16:00]} 43.
h4 {[%clk 0:45:53]} Rb6 {[%clk 0:16:00]} 44. g4 {[%clk 0:45:53]} Ke6 {[%clk
0:16:00]} 45. Ke4 {[%clk 0:45:53]} f5+ {[%clk 0:16:00]} 46. gxf5+ {[%clk
0:45:53]} gxf5+ {[%clk 0:16:00]} 47. Kd4 {[%clk 0:45:53]} f4 {[%clk 0:16:00]}
48. Ke4 {[%clk 0:45:53]} f3 {[%clk 0:16:00]} 49. Kxf3 {[%clk 0:45:53]} Kf5
{[%clk 0:16:00]} 50. Rb4 {[%clk 0:45:53]} h6 {[%clk 0:16:00]} 51. Ke3 {[%clk
0:45:53]} Ke5 {[%clk 0:16:00]} 52. f4+ {[%clk 0:45:53]} Kf5 {[%clk 0:16:00]}
53. Kf3 {[%clk 0:45:53]} h5 {[%clk 0:16:00]} 54. Rb1 {[%clk 0:45:53]} Kf6
{[%clk 0:16:00]} 55. Ke4 {[%clk 0:46:37]} Ke6 {[%clk 0:14:22]} 56. f5+ {[%clk
0:46:59]} Kf6 {[%clk 0:14:38]} 57. Kf4 {[%clk 0:47:17]} Rb8 {[%clk 0:11:55]}
58. b6 {[%clk 0:47:41]} Rg8 {[%clk 0:11:57]} 59. b7 {[%clk 0:47:56]} Rg4+
{[%clk 0:11:55]} 60. Kf3 1-0

[Event "Deutsche Ländermeisterschaft 2021"]
[Site "Neumünster GER"]
[Date "2021.10.02"]
[Round "2"]
[White "Herrmann, Arthur"]
[Black "Buchinger, Alexis"]
[Result "1-0"]
[Termination "normal"]
[Board "3.7"]
[WhiteElo "1385"]
[BlackElo "1614"]
[WhiteClock "00:38:10"]
[BlackClock "00:04:19"]
[WhiteTeam "Sachsen"]
[BlackTeam "Hessen"]
[PlyCount "77"]
[WhiteFideId "16287150"]
[BlackFideId "16287134"]
[EventCountry "GER"]
[EventRounds "7"]
[EventType "team-swiss"]
[EventDate "2021.10.01"]

1. e4 {[%clk 1:30:57]} c5 {[%clk 1:30:55]} 2. Nf3 {[%clk 1:31:21]} e6 {[%clk
1:31:14]} 3. d4 {[%clk 1:31:35]} cxd4 {[%clk 1:31:37]} 4. Nxd4 {[%clk 1:31:59]}
a6 {[%clk 1:31:46]} 5. c4 {[%clk 1:32:10]} Qc7 {[%clk 1:31:47]} 6. Nc3 {[%clk
1:31:31]} Nf6 7. a3 {[%clk 1:28:57]} d6 {[%clk 1:29:52]} 8. Be3 {[%clk
1:28:03]} Be7 {[%clk 1:26:58]} 9. Be2 {[%clk 1:27:28]} O-O {[%clk 1:23:17]} 10.
O-O {[%clk 1:26:45]} Rd8 {[%clk 1:22:03]} 11. Rc1 {[%clk 1:25:51]} Nbd7 {[%clk
1:20:10]} 12. b4 {[%clk 1:20:10]} Ne5 {[%clk 1:03:47]} 13. f4 {[%clk 1:18:13]}
Nxc4 {[%clk 1:02:21]} 14. Bxc4 {[%clk 1:17:36]} Qxc4 {[%clk 1:02:13]} 15. Na4
{[%clk 1:17:17]} Qa2 {[%clk 1:01:46]} 16. Ra1 {[%clk 1:16:26]} Qc4 {[%clk
1:01:18]} 17. Rc1 {[%clk 1:08:19]} Qa2 {[%clk 1:01:19]} 18. Qd3 {[%clk
1:02:52]} Nxe4 {[%clk 0:51:45]} 19. Rc2 {[%clk 0:55:20]} Qd5 {[%clk 0:43:38]}
20. Nb6 {[%clk 0:55:10]} Qh5 {[%clk 0:42:09]} 21. Nxa8 {[%clk 0:53:29]} d5
{[%clk 0:34:57]} 22. Nb6 {[%clk 0:51:48]} Bd7 {[%clk 0:32:50]} 23. Rc7 {[%clk
0:50:37]} Nf6 {[%clk 0:28:43]} 24. Rxb7 {[%clk 0:48:48]} e5 {[%clk 0:27:48]}
25. fxe5 {[%clk 0:47:17]} Ng4 {[%clk 0:26:23]} 26. Bf4 {[%clk 0:43:46]} Bg5
{[%clk 0:25:21]} 27. Qg3 {[%clk 0:42:56]} Bh4 {[%clk 0:25:10]} 28. Qf3 {[%clk
0:41:44]} Qg6 {[%clk 0:05:27]} 29. Nxd7 {[%clk 0:41:05]} Bf2+ {[%clk 0:03:46]}
30. Rxf2 {[%clk 0:41:07]} Nxf2 {[%clk 0:04:01]} 31. Kxf2 {[%clk 0:40:40]} a5
{[%clk 0:04:09]} 32. b5 {[%clk 0:40:28]} a4 {[%clk 0:04:33]} 33. Qxd5 {[%clk
0:39:46]} Rc8 {[%clk 0:04:32]} 34. Rb8 {[%clk 0:39:18]} Rxb8 {[%clk 0:04:52]}
35. Nxb8 {[%clk 0:39:38]} h5 {[%clk 0:05:14]} 36. Nbc6 {[%clk 0:38:58]} Qb1
{[%clk 0:05:29]} 37. Ne7+ {[%clk 0:38:18]} Kh7 {[%clk 0:05:42]} 38. Qxf7 {[%clk
0:38:01]} Qa2+ {[%clk 0:04:19]} 39. Qxa2 {[%clk 0:38:10]} 1-0